[Event "Lviv Tradition May 2018"]
[Site "Lviv"]
[Date "2018.05.17"]
[Round "3"]
[White "Peng, Li Min"]
[Black "Oglaza, Oskar"]
[Result "1-0"]
[WhiteElo "2320"]
[BlackElo "2279"]
[Annotator "NA"]
[PlyCount "83"]
[EventDate "2018.??.??"]
[EventType "tourn"]
[EventCountry "UKR"]
[SourceTitle "playchess.com"]
[Source "ChessBase"]
[SourceQuality "1"]
[TimeControl "5400+30"]

1. d4 {[%emt 0:02:57]} Nf6 {[%emt 0:02:02]} 2. c4 {[%emt 0:00:23]} g6 {[%emt 0:00:47]} 3. Nc3 {[%emt 0:00:18]} Bg7 {[%emt 0:00:17]} 4. e4 {[%emt 0:00:57]} O-O {[%emt 0:00:41]} 5. Bd3 {[%emt 0:00:18]} d6 {[%emt 0:03:10]} 6. Nge2 {[%emt 0:00:12]} Nbd7 {[%emt 0:01:53]} 7. O-O {[%emt 0:00:28]} e5 {[%emt 0:00:22]} 8. d5 {[%emt 0:02:12]} Nh5 {[%emt 0:03:37]} 9. Be3 {[%emt 0:11:28] E70: King's Indian: Miscellaneous lines with 4 e4, including 5 Nge2 and 5 Bd3 0-0 6 Nge2} (9. Bc2 f5 10. exf5 gxf5 11. Ng3 Nxg3 12. fxg3 e4 13. g4 Ne5 14. gxf5 Bxf5 15. Qe2 Qh4 16. Bf4 Nf3+ 17. gxf3 exf3 18. Rxf3 Bxc2 {½-½ (29) Romanov,E (2638)-Smirin,I (2644) Stockholm 2015}) 9... f5 {[%emt 0:05:01] LiveBook: 9 Games} 10. f3 {[%emt 0:00:49]} f4 {[%emt 0:00:54]} 11. Bf2 {[%emt 0:02:14]} g5 {[%emt 0:00:49]} 12. Nc1 $146 {[%emt 0:01:23]} ({Predecessor:} 12. Rc1 Rf6 13. b4 Rh6 14. c5 dxc5 15. bxc5 Nhf6 16. c6 Nf8 17. cxb7 Bxb7 {1-0 (32) Klekowski,M (2096)-Szydlowska,M (2041) Rewal 2006}) 12... Rf7 {[%emt 0:01:48]} 13. Be2 {[%emt 0:00:10]} Nhf6 {[%emt 0:00:54]} 14. Nd3 {[%emt 0:00:11]} Nf8 {[%emt 0:00:40]} 15. c5 {[%emt 0:00:53]} Ng6 {[%emt 0:00:57]} 16. cxd6 {[%emt 0:12:08]} cxd6 {[%emt 0:00:15]} 17. a4 {[%emt 0:00:01]} h5 {[%emt 0:07:44]} 18. Nb5 {[%emt 0:00:59]} g4 {[%emt 0:02:16]} 19. Qb3 {[%emt 0:09:54]} ({But not} 19. Nxa7 g3 $15) 19... Ne8 {[%emt 0:02:28]} (19... g3 $15 20. hxg3 fxg3) 20. Rfc1 {[%emt 0:04:55]} ({Viel schwächer wäre} 20. Nxa7 g3 $17) 20... Bd7 $11 {[%emt 0:10:46]} 21. Kh1 {[%emt 0:01:45]} Qg5 {[%emt 0:03:39]} 22. Nxa7 {[%emt 0:01:36]} g3 {[%emt 0:00:15]} 23. Qxb7 {[%emt 0:05:50]} gxf2 {[%emt 0:01:18]} 24. Qxa8 {[%emt 0:01:33]} Nh4 {[%emt 0:00:06]} 25. Rg1 {[%emt 0:01:15]} fxg1=Q+ {[%emt 0:00:54]} 26. Rxg1 {[%emt 0:00:14]} Bf8 {[%emt 0:11:50]} 27. Nc6 {[%emt 0:02:27]} Rg7 {[%emt 0:01:18]} 28. a5 {[%emt 0:02:33]} Nf6 {[%emt 0:05:31]} 29. Qd8 {[%emt 0:06:12]} Bh3 {[%emt 0:09:39]} 30. Ne1 {[%emt 0:00:59]} Bd7 {[%emt 0:06:59]} 31. Qb6 {[%emt 0:02:27]} Kh8 {[%emt 0:07:27]} 32. a6 {[%emt 0:01:23]} Nxd5 {[%emt 0:00:07]} 33. exd5 {[%emt 0:03:14]} Nf5 {[%emt 0:00:03]} 34. Bd3 {[%emt 0:05:58]} e4 {[%emt 0:05:38]} 35. fxe4 {[%emt 0:03:17]} Ng3+ {[%emt 0:01:16]} 36. hxg3 {[%emt 0:00:05]} Bxc6 {[%emt 0:00:04]} 37. Qxc6 {[%emt 0:00:53]} Qxg3 {[%emt 0:00:25]} 38. Qc8 {[%emt 0:00:59]} Rg4 {[%emt 0:00:11]} 39. Qxf8+ {[%emt 0:00:55]} Kh7 {[%emt 0:00:03]} 40. e5+ {[%emt 0:00:26]} Qxd3 {[%emt 0:00:04]} 41. Qe7+ {[%emt 0:00:05]} Rg7 {[%emt 0:00:05]} 42. Qxg7+ {[%emt 0:00:03]} 1-0

[Event "Lviv Tradition May 2018"]
[Site "Lviv"]
[Date "2018.05.17"]
[Round "3"]
[White "Fiedorek, Michal"]
[Black "Badelka, Olga"]
[Result "0-1"]
[WhiteElo "2081"]
[BlackElo "2397"]
[Annotator "NA"]
[PlyCount "98"]
[EventDate "2018.??.??"]
[EventType "tourn"]
[EventCountry "UKR"]
[SourceTitle "playchess.com"]
[Source "ChessBase"]
[SourceQuality "1"]
[TimeControl "5400+30"]

1. e4 {[%emt 0:00:00]} c5 {[%emt 0:00:03]} 2. Nf3 {[%emt 0:00:00]} Nc6 {[%emt 0:00:03]} 3. d4 {[%emt 0:00:00]} cxd4 {[%emt 0:00:05]} 4. Nxd4 {[%emt 0:00:00]} Qb6 {[%emt 0:00:02]} 5. Nb3 {[%emt 0:00:12]} Nf6 {[%emt 0:00:05]} 6. Nc3 {[%emt 0:00:44]} e6 {[%emt 0:00:04]} 7. Bd3 {[%emt 0:00:34]} a6 {[%emt 0:00:13]} 8. Be3 {[%emt 0:01:44]} Qc7 {[%emt 0:00:04]} 9. f4 {[%emt 0:02:34]} d6 {[%emt 0:00:10]} 10. Qf3 {[%emt 0:00:28]} b5 {[%emt 0:00:05] B33: Sicilian: Pelikan and Sveshnikov Variations} (10... Be7 11. g4 b6 12. O-O-O Nd7 13. Kb1 Nc5 14. g5 Bd7 15. Qf2 Nb4 16. Bd4 Rg8 17. Rhe1 Nbxd3 18. cxd3 O-O-O 19. Rc1 {½-½ (41) Ragger,M (2656)-Movsesian,S (2677) Linares 2017}) 11. g4 {[%emt 0:01:53]} Bb7 {[%emt 0:01:00]} 12. g5 {[%emt 0:03:53]} Nd7 {[%emt 0:00:04]} 13. O-O-O {[%emt 0:03:24]} g6 {[%emt 0:00:07]} 14. h4 {[%emt 0:03:21]} Bg7 {[%emt 0:00:51]} 15. Ne2 {[%emt 0:01:10]} Nb4 $146 {[%emt 0:05:28]} ({Predecessor:} 15... Nb6 16. Kb1 Nc4 17. Bc1 {½-½ (45) Revo,T (2044)-Badelka,O (2048) Minsk 2015}) 16. Kb1 {[%emt 0:01:14]} Nc5 {[%emt 0:00:18]} 17. Nxc5 {[%emt 0:05:13]} dxc5 {[%emt 0:00:06]} 18. a3 {[%emt 0:00:06]} Nxd3 {[%emt 0:00:41]} 19. cxd3 {[%emt 0:00:53]} c4 {[%emt 0:07:40]} 20. Rc1 {[%emt 0:11:42]} Qd7 {[%emt 0:04:58]} 21. d4 {[%emt 0:02:01]} a5 {[%emt 0:01:28]} 22. Ka2 {[%emt 0:07:50] [#]} Qc6 {[%emt 0:04:10]} ({Better is} 22... b4 $1 $19 23. Rxc4 Ba6) 23. Ng3 {[%emt 0:04:37]} b4 {[%emt 0:00:41]} 24. Rhe1 {[%emt 0:07:57]} bxa3 {[%emt 0:04:23]} 25. bxa3 {[%emt 0:00:39]} c3 {[%emt 0:00:15]} 26. Bf2 {[%emt 0:00:46]} Qc4+ {[%emt 0:02:26]} 27. Ka1 {[%emt 0:00:08]} Rc8 {[%emt 0:02:07]} 28. Qe2 {[%emt 0:02:03]} Qa4 {[%emt 0:01:15]} 29. Qc2 $19 {[%emt 0:02:05]} Qxa3+ {[%emt 0:01:43]} 30. Qa2 {[%emt 0:00:08]} Qxa2+ {[%emt 0:20:22]} 31. Kxa2 {[%emt 0:00:17]} Rc4 {[%emt 0:02:06]} 32. Kb3 {[%emt 0:01:54]} Rb4+ {[%emt 0:00:12]} 33. Kxc3 {[%emt 0:00:28]} Kd7 {[%emt 0:00:03]} 34. Rb1 {[%emt 0:02:06]} Rc8+ {[%emt 0:00:14]} 35. Kd2 {[%emt 0:00:34]} Bf8 {[%emt 0:00:42]} 36. Rec1 {[%emt 0:01:42]} Rxb1 {[%emt 0:00:09]} 37. Rxb1 {[%emt 0:00:06]} Bb4+ {[%emt 0:00:02]} 38. Ke2 {[%emt 0:00:32]} Ba6+ {[%emt 0:00:26]} 39. Kf3 {[%emt 0:00:28]} Rc3+ {[%emt 0:06:51]} 40. Kg2 {[%emt 0:00:24]} Bd3 {[%emt 0:03:13]} 41. Rd1 {[%emt 0:02:24]} Bc2 {[%emt 0:02:03]} 42. Ra1 {[%emt 0:00:30]} Rc4 {[%emt 0:01:14]} 43. Kf3 {[%emt 0:00:38]} a4 {[%emt 0:01:20]} 44. Ne2 {[%emt 0:00:32]} a3 {[%emt 0:00:27]} 45. Be3 {[%emt 0:00:22]} Bb3 {[%emt 0:02:47]} 46. Nc1 {[%emt 0:01:45]} Bd1+ {[%emt 0:00:15]} 47. Kf2 {[%emt 0:00:32]} Rc2+ {[%emt 0:00:38]} 48. Kf1 {[%emt 0:00:21]} Bf3 {[%emt 0:01:20]} 49. Ra2 {[%emt 0:01:23]} Rb2 {[%emt 0:01:24]} 0-1

[Event "Lviv Tradition May 2018"]
[Site "Lviv"]
[Date "2018.05.18"]
[Round "4"]
[White "Badelka, Olga"]
[Black "Peng, Li Min"]
[Result "1-0"]
[WhiteElo "2397"]
[BlackElo "2320"]
[Annotator "ChessBase"]
[PlyCount "135"]
[EventDate "2018.??.??"]
[EventType "tourn"]
[EventCountry "UKR"]
[SourceTitle "playchess.com"]
[Source "ChessBase"]
[SourceQuality "1"]
[TimeControl "5400+30"]

1. d4 Nf6 2. c4 g6 3. Nc3 d5 4. Bg5 Ne4 5. Bf4 Nxc3 6. bxc3 dxc4 7. e4 Bg7 8. Bxc4 O-O 9. Nf3 c5 10. O-O Nc6 11. d5 Na5 12. Be2 Bg4 13. Qd3 e5 14. Nxe5 Bxe2 15. Qxe2 Re8 16. Nc4 Nxc4 17. Qxc4 b5 18. Qxc5 Rxe4 19. Bg3 Qd7 20. Rab1 a6 21. d6 Rc4 22. Qd5 Rac8 23. Rbe1 Bf6 24. Be5 R4c5 25. Qd4 Bxe5 26. Rxe5 R5c6 27. Rd1 Rd8 28. Rd5 Rdc8 29. h3 Re8 30. f4 Rc4 31. Qd2 f6 32. Kh2 Kf7 33. f5 Kg7 34. Rf1 Ree4 35. Qf2 Rc6 36. fxg6 Rxd6 37. Qxf6+ Rxf6 38. Rxd7+ Kxg6 39. Rxf6+ Kxf6 40. Rd6+ Ke5 41. Rxa6 Kd5 42. Rh6 Re7 43. Rh5+ Kc4 44. g4 Rb7 45. Rh6 Ra7 46. Rc6+ Kd5 47. Rc8 Rxa2+ 48. Kg3 Rc2 49. h4 Ke6 50. Rc5 Kd6 51. Rxb5 Rxc3+ 52. Kf4 Ke6 53. Kg5 Rc4 54. Rb7 h6+ 55. Kh5 Kf6 56. Rb6+ Kg7 57. Rg6+ Kh7 58. Rxh6+ Kg7 59. Ra6 Rc5+ 60. g5 Rb5 61. Ra7+ Kg8 62. Kh6 Rb6+ 63. g6 Rb8 64. h5 Rc8 65. Ra5 Rb8 66. Kg5 Rc8 67. h6 Kh8 68. h7 1-0

[Event "Lviv Tradition May 2018"]
[Site "Lviv"]
[Date "2018.05.18"]
[Round "4"]
[White "Shkuran, Danylo"]
[Black "Terletsky, Oleg"]
[Result "1-0"]
[WhiteElo "2395"]
[BlackElo "2288"]
[Annotator "TA"]
[PlyCount "73"]
[EventDate "2018.??.??"]
[EventType "tourn"]
[EventCountry "UKR"]
[SourceTitle "playchess.com"]
[Source "ChessBase"]
[SourceQuality "1"]

{[%evp 23,73,28,32,22,54,44,91,79,133,116,112,110,114,108,213,210,272,253,278,278,275,265,276,272,273,265,270,272,223,184,180,189,173,147,513,490,741,739,805,803,794,780,731,772,29970,29971,29968,29968,29970,29968,29977,11158]} 1. Nf3 Nf6 2. g3 g6 3. Bg2 Bg7 4. O-O d6 5. c4 e5 6. Nc3 O-O 7. d4 exd4 8. Nxd4 Nbd7 9. e4 Re8 10. h3 Nc5 11. Re1 Bd7 12. b3 a5 13. Rb1 {E68: King's Indian: Fianchetto: 6...Nbd7 7 0-0 e5 8 e4} Qc8 (13... h6 14. Kh2 Re5 15. f4 Rh5 16. f5 gxf5 17. exf5 Bxf5 18. Nxf5 Rxf5 19. Qc2 Qd7 20. Bf4 Rh5 21. Nd5 Ng4+ {0-1 (34) Ding,L (2777)-Grischuk,A (2772) Huaian 2017}) 14. Kh2 Re5 15. f4 {White is better.} Rh5 {[#]} (15... Re8 $142) 16. f5 $1 $16 {[%mdl 512]} gxf5 {[#]} 17. Nd5 $1 {[%cal Rd5e7]} Nxd5 18. exd5 ({But not} 18. Qxh5 Nc3 $11) 18... f4 (18... Qd8 $16) 19. Qxh5 $18 fxg3+ 20. Kh1 $146 ({Predecessor:} 20. Kxg3 Bxd4 {0-1 (50) Voiska,M (2320)-Ciuksyte,D (2217) Warsaw 2001}) 20... Bxd4 21. Re7 Qf8 {[#]} 22. Rxd7 $1 {[%mdl 512]} Nxd7 23. Qg4+ Qg7 {And now ...Qxg4 would win.} 24. Qxd7 Qg6 25. Qg4 Re8 26. Bd2 Qxg4 27. hxg4 {Black must now prevent Bf3.} Re2 28. Bxa5 f5 $2 {[%mdl 8192]} (28... b6 $16 {is more resistant.}) 29. Bxc7 fxg4 (29... f4 $142 30. Rf1 Be5) 30. Bxd6 Bf2 31. c5 h5 32. c6 bxc6 33. dxc6 h4 34. c7 {White mates.} Rc2 35. Be4 Rc3 36. Bb7 h3 37. c8=Q+ {Precision: White = 98%, Black = 25%.} 1-0

[Event "Lviv Tradition May 2018"]
[Site "Lviv"]
[Date "2018.05.18"]
[Round "4"]
[White "Goluch, Piotr"]
[Black "Mirzoev, Emil"]
[Result "1/2-1/2"]
[WhiteElo "2351"]
[BlackElo "2418"]
[Annotator "TA"]
[PlyCount "60"]
[EventDate "2018.??.??"]
[EventType "tourn"]
[EventCountry "UKR"]
[SourceTitle "playchess.com"]
[Source "ChessBase"]
[SourceQuality "1"]

{[%evp 16,60,56,47,53,50,52,52,50,41,77,72,73,76,79,51,87,36,36,36,43,33,59,0,-3,-16,-17,-15,0,0,0,-4,-2,-92,-92,-103,-109,-104,-101,-101,0,0,-4,-93,-90,-99,-89]} 1. d4 Nf6 2. Nf3 d6 3. g3 c6 4. Bg2 h6 5. O-O Bf5 6. c4 {A46: 1 d4 Nf6 2 Nf3 e6: Torre, London and Colle Systems} e6 7. d5 $146 ({Predecessor:} 7. Nc3 Nbd7 8. d5 cxd5 9. cxd5 e5 10. Re1 Be7 11. e4 Bh7 12. Nh4 {½-½ (42) Nadjezhdin,D (2300)-Stocek,J (2576) Pardubice 2013}) 7... cxd5 8. cxd5 e5 9. Nc3 {LiveBook: 4 Games} Be7 10. e4 Bd7 11. Be3 Ng4 12. Bd2 a5 13. h3 Nf6 14. Be3 Na6 15. a4 Rc8 16. Rc1 (16. Qe2 $16) 16... Nc5 $14 17. Ne1 O-O 18. Nd3 {[#] Hoping for Bxc5.} b6 19. Bxc5 (19. b3 $14) 19... bxc5 $11 20. Nxe5 dxe5 21. d6 Rb8 22. dxe7 Qxe7 23. Nd5 Nxd5 24. Qxd5 (24. exd5 $11 {remains equal.} e4 25. Qc2) 24... Rfc8 $36 {[%mdl 2048] Black is in control.} 25. b3 Be6 26. Qxe5 Rxb3 27. Rfd1 Qc7 ({Black should play} 27... Qg5 $17 28. Qd6 c4) 28. Qxc7 $11 Rxc7 29. e5 (29. Rd8+ $11 {keeps the balance.} Kh7 30. Ra8) 29... c4 30. Bd5 Kf8 {Precision: White = 44%, Black = 63%.} 1/2-1/2

[Event "Lviv Tradition May 2018"]
[Site "Lviv"]
[Date "2018.05.18"]
[Round "4"]
[White "Bogdanov, Egor"]
[Black "Fiedorek, Michal"]
[Result "1/2-1/2"]
[WhiteElo "2335"]
[BlackElo "2081"]
[Annotator "TA"]
[PlyCount "128"]
[EventDate "2018.??.??"]
[EventType "tourn"]
[EventCountry "UKR"]
[SourceTitle "playchess.com"]
[Source "ChessBase"]
[SourceQuality "1"]

{[%evp 24,128,0,0,0,0,0,18,0,0,2,0,0,0,0,0,0,0,0,0,0,0,0,0,0,0,0,0,0,0,0,0,0,0,0,0,0,-164,0,-356,0,0,0,-65,-27,-39,0,0,0,-78,-77,-108,0,0,0,0,0,0,0,-184,-184,-201,-88,-85,-31,-593,-589,-482,-453,-491,-478,-460,0,-477,-458,-445,-401,-388,-388,-342,-323,-298,0,0,0,0,0,0,0,0,0,0,0,0,0,-8,0,-2293,-2250,-1820,-1513,-832,0,0,0,0,0]} 1. e4 c5 2. c3 Nf6 3. e5 Nd5 4. d4 cxd4 5. Nf3 Nc6 6. cxd4 d6 7. Bc4 e6 8. O-O Be7 9. Qe2 O-O 10. Nc3 Nxc3 11. bxc3 dxe5 12. dxe5 Qc7 13. Bd3 b6 {B22: Sizilianisch (Alapin 2.c3)} 14. Re1 Bb7 15. Ng5 Bxg5 16. Bxg5 Ne7 (16... Nxe5 17. Qxe5 Qxe5 18. Rxe5 f6 19. Rxe6 fxg5 20. Bc4 Kh8 21. Re7 {1-0 (73) Macieja,B (2601)-Otero Acosta,D (2459) Monterrey 2015}) 17. Qh5 {[%csl Gd3][%cal Rh5h7]} Ng6 $1 18. Re3 Qxc3 19. Rd1 Qc6 $1 {[%csl Gb7][%cal Rc6g2]} 20. Be4 Qxe4 $1 21. Rxe4 Bxe4 22. Qe2 Bd5 23. h4 h6 24. h5 hxg5 25. hxg6 fxg6 26. Qd2 $146 ({Vorgänger:} 26. Rc1 Rac8 27. Rxc8 {½-½ (27) Krutov,A (2106)-Zhorov,B (2145) ICCF email 2012}) 26... Rf5 27. Rc1 Raf8 28. Rc7 a5 29. a4 Rf4 {...Tg4 ist eine echte Drohung.} 30. Qd3 $2 (30. Rd7 $11) 30... Kh7 $2 (30... Rxf2 $19 31. Rc2 Rxc2 32. Qxc2 Kh7) 31. Qa3 $2 {[%mdl 8192]} (31. Qg3 $11) 31... Re8 $2 (31... Rxf2 $19 32. Qh3+ Kg8) 32. Qd6 Rg4 33. Qxb6 (33. f3 $11 Bxf3 34. Qd7 Rxg2+ 35. Kf1) 33... Rxg2+ 34. Kf1 Rf8 35. Qa7 Kh6 36. Ke1 (36. Rd7 $11 Rg4 37. Rxg7) 36... Rg1+ $1 $17 ({Jedoch nicht} 36... Rfxf2 $2 37. Qxf2 Rxf2 38. Kxf2 $18) 37. Kd2 Rg2 (37... Ra1 $17 {Droht stark ...Ta2+.} 38. Rf7 Ra2+ 39. Ke3 Ra3+ 40. Kd2 Ra2+ 41. Ke3 Ra3+ 42. Kd2 Ra2+) 38. Rf7 Rxf7 39. Qxf7 $11 {[%mdl 4096] Endspiel KD-KTL} g4 {Und ...g3 würde nun gewinnen.} 40. Ke3 g3 41. fxg3 $2 (41. Qe7 $11 {und Weiss steht sicher.} Kh5 42. fxg3 Rxg3+ 43. Ke2) 41... Rxg3+ $19 42. Ke2 Rg2+ (42... g5 $19 {und Schwarz behält klar die Oberhand.} 43. Qf8 Rf3) 43. Kf1 Ra2 ({Besser ist} 43... g5 $17 44. Qc7 g4) 44. Qd7 $2 {[%mdl 8192]} (44. Qe8 $1 $15) 44... g5 {[%cal Bg6g5,Bg5g4][%mdl 32]} 45. Qd8 Kg6 46. Qxa5 g4 $1 47. Qb4 Kf5 $2 ({Günstiger ist} 47... Kh5 $1 $19 48. Qf4 Kh4) 48. Qb1+ $2 {[%mdl 8192]} (48. Qf8+ $11 Kg6 49. Qe8+ Kg5 50. Qg8) 48... Kf4 49. Qc1+ {[#]} Kg3 $1 50. a5 Kh3 51. Qg5 Rxa5 52. Qxg7 Ra2 $2 (52... Ra1+ $19 53. Kf2 Ra2+ 54. Ke3 g3 55. Qh8+ Kg2) 53. Qh6+ $11 Kg3 54. Qe3+ Bf3 {( -> ...Ta1+)} 55. Qe1+ $1 Kh3 {Droht ...g3 und aus.} 56. Qe3 Rh2 57. Qf4 Bg2+ 58. Kf2 {[%cal Rf4h6]} Bd5+ 59. Kf1 $1 g3 60. Qf7 $2 {[%mdl 8192]} (60. Qh6+ $11 Kg4 61. Qg6+ Kf4 62. Qf6+ Kg4 63. Qg6+ Kf3 64. Qf6+ Ke4 65. Qg6+ Kf4 66. Qf6+ Kg4 67. Qg6+) 60... Rf2+ $19 61. Kg1 Rg2+ 62. Kf1 {[#]} Rf2+ $2 ({Lieber} 62... Bc4+ $1 $19 63. Ke1 Re2+ 64. Kd1 Rxe5) 63. Kg1 $11 {[%cal Rf7h5]} Kg4 {Weiss muss nun ...Th2 beachten.} 64. Qg6+ Kf4 {Precision: Weiß = 54%, Schwarz = 67%.} 1/2-1/2

[Event "Lviv Tradition May 2018"]
[Site "Lviv"]
[Date "2018.05.18"]
[Round "4"]
[White "Oglaza, Oskar"]
[Black "Galperin, Platon"]
[Result "1-0"]
[WhiteElo "2279"]
[BlackElo "2332"]
[Annotator "ChessBase"]
[PlyCount "106"]
[EventDate "2018.??.??"]
[EventType "tourn"]
[EventCountry "UKR"]
[SourceTitle "playchess.com"]
[Source "ChessBase"]
[SourceQuality "1"]
[TimeControl "5400+30"]

1. c4 e5 2. Nc3 Bb4 3. Nd5 Bc5 4. e3 Nc6 5. Ne2 a6 6. d4 Ba7 7. b3 Nf6 8. Bb2 d6 9. dxe5 Nxe5 10. Nec3 O-O 11. Be2 Nxd5 12. Nxd5 c6 13. Nf4 b5 14. Nd3 Qg5 15. Nxe5 dxe5 16. Bf3 Rd8 17. Qc1 Bf5 18. Bxe5 Bd3 19. Bf4 Qf6 20. Be2 Qg6 21. Bxd3 Qxd3 22. f3 Re8 23. Kf2 Qf5 24. c5 Rad8 25. b4 g5 26. Bg3 Rd3 27. Re1 Qd5 28. Rd1 f5 29. Rxd3 Qxd3 30. Qd1 Qxe3+ 31. Kf1 a5 32. Bf2 Qe6 33. Qd4 Bb8 34. Re1 Be5 35. Qd2 h6 36. bxa5 Re7 37. a6 Kf7 38. Qa5 Qc4+ 39. Kg1 Bb8 40. Rxe7+ Kxe7 41. g3 g4 42. fxg4 Qc1+ 43. Kg2 Qc4 44. gxf5 Qe4+ 45. Kg1 Qxf5 46. a7 Qb1+ 47. Be1 Be5 48. Qd2 Bd4+ 49. Qxd4 Qxe1+ 50. Kg2 Qe2+ 51. Kh3 Qe6+ 52. Qg4 Qxa2 53. Qg7+ Ke8 1-0

[Event "Lviv Tradition May 2018"]
[Site "Lviv"]
[Date "2018.05.18"]
[Round "5"]
[White "Mirzoev, Emil"]
[Black "Oglaza, Oskar"]
[Result "1-0"]
[WhiteElo "2418"]
[BlackElo "2279"]
[Annotator "TA"]
[PlyCount "77"]
[EventDate "2018.??.??"]
[EventType "tourn"]
[EventCountry "UKR"]
[SourceTitle "playchess.com"]
[Source "ChessBase"]
[SourceQuality "1"]

{[%evp 12,76,41,-7,27,-3,34,30,76,67,83,77,114,106,129,143,159,153,179,171,220,215,229,220,231,227,277,247,166,165,169,164,172,170,164,162,210,192,402,397,374,376,344,372,731,728,722,749,745,733,29993,29994,29994,29995,29995,5297,1436,974,29998,29999,29999,29999,29999,29999,29999,29999,29999]} 1. g3 Nf6 2. Bg2 d5 3. Nf3 Bf5 4. O-O c6 5. d3 h6 6. c4 e6 7. Be3 {LiveBook: 90 Games} Bd6 {A11: English Opening: 1...c6} (7... Nbd7 8. Qb3 Qc8 9. Rc1 Bd6 10. cxd5 exd5 11. Nc3 Qb8 12. Nd4 Bg6 13. Bh3 h5 14. Nf5 Bxf5 15. Bxf5 h4 16. Kg2 {½-½ (37) Hausrath,D (2503)-Van Wely,L (2632) Berlin 2015}) 8. Qb3 Qd7 9. Bd4 Bg4 $146 {White has an edge.} ({Predecessor:} 9... Be7 10. Nc3 dxc4 11. Qxc4 O-O 12. b4 b5 13. Qb3 a5 14. bxa5 Rxa5 15. Be5 {1-0 (38) Zgadzaj,R (2206)-Wielosz,J (1877) Gora Sw Anny 2012}) 10. Nbd2 {[%cal Bb1d2,Bd2f3,Bf3e5][%mdl 32]} Na6 11. e4 Bxf3 12. Nxf3 {[#] aiming for e5.} (12. Bxf3 e5 $15) 12... Nc5 13. Bxc5 Bxc5 14. cxd5 cxd5 15. Ne5 Qc7 16. d4 $1 Bd6 17. Rac1 ({Don't take} 17. exd5 Bxe5 18. Rfc1 (18. dxe5 Nxd5 19. Rac1 Qd7 $16) (18. dxe6 Bd6 $14) 18... Qa5) 17... Qb6 {Threatening ...Qxb3.} 18. Qa4+ ({Stronger than} 18. exd5 Qxb3 19. axb3 exd5 $14) 18... Ke7 19. exd5 Bxe5 20. dxe5 Nxd5 21. Bxd5 exd5 22. Qa3+ Ke6 23. Qf3 h5 24. Rc3 Qb4 $2 (24... Rac8 {was necessary.} 25. Rd3 Rcd8) 25. Rc7 $18 Raf8 {Black hopes to continue with ...h4.} 26. Rd1 Qe4 27. Qc3 h4 $2 (27... Kf5 28. Rxb7 d4) 28. Re1 Qa4 29. Qc5 hxg3 30. fxg3 {[#] Threatening mate with Rf1.} Qg4 31. Rf1 {[%csl Gc5][%cal Rc7e7]} Kxe5 32. Re7+ Qe6 33. Rxe6+ (33. Qc7+ $142 Ke4 34. Rf4+ Ke3 35. Qc3+ Ke2 36. Rf2+ Kd1 37. Qd2#) 33... Kxe6 34. Re1+ Kd7 35. Re7+ {White mates.} Kd8 36. Qd6+ Kc8 37. Qd7+ Kb8 38. Qc7+ Ka8 39. Qxb7# {Precision: White = 89%, Black = 15%.} 1-0

[Event "Lviv Tradition May 2018"]
[Site "Lviv"]
[Date "2018.05.18"]
[Round "5"]
[White "Galperin, Platon"]
[Black "Badelka, Olga"]
[Result "1-0"]
[WhiteElo "2332"]
[BlackElo "2397"]
[Annotator "NA"]
[PlyCount "131"]
[EventDate "2018.??.??"]
[EventType "tourn"]
[EventCountry "UKR"]
[SourceTitle "playchess.com"]
[Source "ChessBase"]
[SourceQuality "1"]
[TimeControl "5400+30"]

1. Nf3 {[%emt 0:00:00]} c5 {[%emt 0:00:05]} 2. c4 {[%emt 0:00:03]} Nc6 {[%emt 0:00:05]} 3. Nc3 {[%emt 0:00:05]} g6 {[%emt 0:00:07]} 4. e3 {[%emt 0:00:03]} Nf6 {[%emt 0:00:24]} 5. d4 {[%emt 0:00:03]} cxd4 {[%emt 0:00:08]} 6. exd4 {[%emt 0:00:03]} d5 {[%emt 0:00:03]} 7. cxd5 {[%emt 0:00:07]} Nxd5 {[%emt 0:00:03]} 8. Qb3 {[%emt 0:00:08]} Nxc3 {[%emt 0:01:42]} 9. Bc4 {[%emt 0:00:10]} e6 {[%emt 0:02:02]} 10. bxc3 {[%emt 0:00:09]} Bg7 {[%emt 0:00:18]} 11. Ba3 {[%emt 0:00:08]} Bd7 {[%emt 0:11:52]} 12. Be2 {[%emt 0:08:31]} Na5 {[%emt 0:03:10]} 13. Qb2 {[%emt 0:02:30]} Bf8 {[%emt 0:02:44]} 14. O-O {[%emt 0:01:20]} Bxa3 {[%emt 0:00:38]} 15. Qxa3 {[%emt 0:00:09]} b6 {[%emt 0:00:08]} 16. d5 {[%emt 0:06:23]} Qe7 {[%emt 0:00:44]} 17. d6 {[%emt 0:00:48]} Qf6 {[%emt 0:00:30]} 18. c4 {[%emt 0:00:56]} Nb7 {[%emt 0:11:26]} 19. Nd2 {[%emt 0:00:48]} Bc6 {[%emt 0:03:03]} 20. d7+ {[%emt 0:03:09]} Kxd7 {[%emt 0:00:28]} 21. Rad1 {[%emt 0:00:54]} Kc7 {[%emt 0:04:27]} 22. Qg3+ {[%emt 0:00:36]} e5 {[%emt 0:06:08]} 23. f4 {[%emt 0:00:39]} Rae8 {[%emt 0:05:29]} 24. fxe5 {[%emt 0:00:44]} Qxe5 25. Qxe5+ {[%emt 0:00:10]} Rxe5 {[%emt 0:00:06]} 26. Rxf7+ {[%emt 0:00:06]} Kb8 {[%emt 0:00:05]} 27. Bf3 {[%emt 0:00:24]} Bxf3 {[%emt 0:00:21]} 28. Nxf3 {[%emt 0:00:10]} Rf5 {[%emt 0:02:05]} 29. Re7 {[%emt 0:01:05]} Nc5 {[%emt 0:05:10]} 30. Ne5 {[%emt 0:04:09]} Rc8 {[%emt 0:01:19]} 31. Rd6 {[%emt 0:12:42]} Rc7 {[%emt 0:12:03]} 32. Nc6+ {[%emt 0:00:14]} Kc8 {[%emt 0:00:07]} 33. Nxa7+ {[%emt 0:14:48]} Kb7 {[%emt 0:00:01]} 34. Rxc7+ {[%emt 0:00:13]} Kxc7 {[%emt 0:00:03]} 35. Nb5+ {[%emt 0:00:07]} Kb7 {[%emt 0:00:03]} 36. Nc3 {[%emt 0:02:31]} Kc7 {[%emt 0:01:49]} 37. Rd5 {[%emt 0:08:32]} Rf8 {[%emt 0:00:22]} 38. Nb5+ {[%emt 0:00:44]} Kb7 {[%emt 0:00:53]} 39. Re5 {[%emt 0:02:34]} Kb8 {[%emt 0:03:56]} 40. Re7 {[%emt 0:01:21]} h5 {[%emt 0:00:20]} 41. Rg7 {[%emt 0:05:59]} Rf6 {[%emt 0:00:15]} 42. Nc3 {[%emt 0:01:05]} Nd3 {[%emt 0:02:34]} 43. Nd5 {[%emt 0:07:26]} Rc6 {[%emt 0:00:57]} 44. h3 {[%emt 0:01:02]} h4 {[%emt 0:05:41]} 45. Ne7 {[%emt 0:02:45]} Rxc4 {[%emt 0:01:12]} 46. Rxg6 {[%emt 0:00:17]} Ka7 {[%emt 0:14:28]} 47. Rg4 {[%emt 0:01:02]} Rc2 {[%emt 0:00:24]} 48. a4 {[%emt 0:00:32]} Ne1 {[%emt 0:01:15]} 49. Nf5 {[%emt 0:02:04]} Rc1 {[%emt 0:00:24]} 50. Kh2 {[%emt 0:00:48]} Ka6 {[%emt 0:00:23]} 51. Rxh4 {[%emt 0:01:07]} Rc2 {[%emt 0:00:16]} 52. Rg4 {[%emt 0:00:08]} Nf3+ {[%emt 0:00:43]} 53. Kg3 {[%emt 0:00:16]} Ne1 {[%emt 0:00:05]} 54. Ne3 {[%emt 0:01:28]} Re2 {[%emt 0:02:11]} 55. Re4 {[%emt 0:01:00]} Nd3 {[%emt 0:00:50]} 56. h4 {[%emt 0:01:18]} Nf2 {[%emt 0:00:11]} 57. Kf3 {[%emt 0:01:59]} Ra2 {[%emt 0:00:34]} 58. Rd4 {[%emt 0:01:09]} Nh1 {[%emt 0:00:32]} 59. Rd1 {[%emt 0:03:07]} Nf2 {[%emt 0:00:18]} 60. Rd6 {[%emt 0:00:08]} Nh1 {[%emt 0:00:16]} 61. g4 {[%emt 0:00:57]} Rf2+ {[%emt 0:00:06]} 62. Ke4 {[%emt 0:00:03]} Ng3+ {[%emt 0:00:09]} 63. Kd3 {[%emt 0:00:16]} Ra2 {[%emt 0:00:40]} 64. Nc4 {[%emt 0:00:42]} Rxa4 {[%emt 0:00:33]} 65. Rxb6+ {[%emt 0:00:06]} Ka7 {[%emt 0:00:01]} 66. Rb3 {[%emt 0:00:35]} 1-0